A matematika filozófiájáról
Elmentve itt :
| Szerző: | |
|---|---|
| Adatforrás: | Philobibl |
| Forrásdokumentuma: | Magyar Filozófiai Szemle 12 1968/4., 621-643. p. |
| Dokumentumtípus: | Cikk |
| Nyelv: | magyar |
| Kulcsszavak: | a matematika filozófiája logicizmus intuicionizmus Hilbert Gödel |
| LEADER | 00437nab a2200157 c 4500 | ||
|---|---|---|---|
| 001 | bibDOK00007772 | ||
| 005 | 20200924120342.7 | ||
| 008 | 060518s1968 hu hun | ||
| 100 | 1 | |a Ruzsa Imre | |
| 245 | 1 | 2 | |a A matematika filozófiájáról |c Ruzsa Imre |
| 695 | |a a matematika filozófiája | ||
| 695 | |a logicizmus | ||
| 695 | |a intuicionizmus | ||
| 695 | |a Hilbert | ||
| 695 | |a Gödel | ||
| 773 | 0 | |t Magyar Filozófiai Szemle 12 |g 1968/4., 621-643. p. | |